000 00824cam a22002291 4500
999 _c28854
_d28854
001 1231966
005 20170411090455.0
008 680210s1968 dcua b 000 0 eng
010 _a 68025474
040 _aDLC
_cDLC
_dDLC
050 0 0 _aLB1025
_b.A82
082 0 0 _a371.3
110 2 _aAssociation for Supervision and Curriculum Development.
_bCommission on Instructional Theory.
245 1 0 _aCriteria for theories of instruction,
_cIra J. Gordon, chairman and editor.
260 _aWashington :
_bAssociation for Supervision and Curriculum Development,
_c[1968]
300 _axi, 44 p.
_billus.
_c23 cm.
504 _aBibliographical footnotes.
650 0 _aTeaching.
700 1 _aGordon, Ira J.,
_eed.
906 _a7
_bcbc
_corignew
_du
_encip
_f19
_gy-gencatlg
942 _2ddc
_cBOOKS
_hLB1025 .A82